00829 2200193 4500001002100000005001500021035002000036008004100056245003900097100002100136250000600157260003200163300001200195084001400207082000800221650001400229520038000243990001200623INLIS00000000000128320240712100513 a0010-0524000518240712 0 ind 1 aAir Dan Samudra /cSusilo Soekardi aSoekardi, Susilo a1 aSolo :bTinta Medina,c2012 a218 hlm a200 SUS a a200 4aNon Fiksi aSoesilo Soekardi dan Tauhid Nur Azhar mengajak kita melalui buku ini untuk mengenal Allah SWT lebih dekat lagi,yaitu melalui ayat ayat kauniyah yang terbentang luas dilautan. Semoga bermanfaat dan dapat meningkatkan kualitas iman dan taqwa kita kepada-Nya.didalam buku ini, kita akan mendapatkan berbagai hal yang sebelumnya mungkin tidak pernah terlintas dalam pikiran kita. a0744155